[Event "Titled Tuesday intern op 09th May Late"]
[Site "Chess.com INT"]
[Date "2023.05.09"]
[Round "8"]
[White "Gonzalez, Francisco Silva"]
[Black "Papasimakopoulos, Alexandros"]
[Result "0-1"]
[WhiteElo "2021"]
[BlackElo "2401"]
[PlyCount "152"]
[EventDate "2023.05.09"]
[EventType "swiss (blitz)"]
[EventRounds "11"]
[EventCountry "USA"]
[SourceTitle "CBM 214 Extra"]
[Source "ChessBase"]
[SourceDate "2023.07.31"]
[SourceVersion "1"]
[SourceVersionDate "2023.07.31"]
[SourceQuality "1"]

1. d4 Nf6 2. c4 e6 3. Nc3 Bb4 4. a3 Bxc3+ 5. bxc3 0-0 6. e3 d6 7. f3 e5 8. e4 Nc6 9. Be3 b6 10. Bd3 Ba6 11. Nh3 Na5 12. Qe2 Qd7 13. a4 Qc6 14. d5 Qd7 15. g4 c6 16. Nf2 cxd5 17. cxd5 Bxd3 18. Qxd3 Rac8 19. Bg5 Ne8 20. h4 Rc4 21. Qd1 Rxc3 22. Bd2 Rc5 23. Bb4 Rc4 24. Bxa5 bxa5 25. 0-0 Nc7 26. Qb3 Rb4 27. Qc2 Na6 28. Rfc1 Nc5 29. Nd3 Nxd3 30. Qxd3 Rxa4 31. Qa6 Rxa1 32. Rxa1 h5 33. Qc6 Qxc6 34. dxc6 hxg4 35. Rxa5 Rc8 36. Rxa7 Rxc6 37. fxg4 Rc4 38. Kf2 Rxe4 39. Kf3 Rf4+ 40. Kg3 f6 41. g5 fxg5 42. hxg5 Kh7 43. Rd7 Rd4 44. Kf3 Kg6 45. Ke3 Kxg5 46. Rxg7+ Kf6 47. Rh7 Ke6 48. Rh8 Ra4 49. Re8+ Kd5 50. Rb8 Ra3+ 51. Kd2 e4 52. Rb5+ Kd4 53. Rb4+ Ke5 54. Rb8 d5 55. Rb2 Rh3 56. Rb8 Rh2+ 57. Kc3 d4+ 58. Kb3 d3 59. Re8+ Kd4 60. Rd8+ Ke3 61. Rg8 Rc2 62. Rg3+ Kf4 63. Rh3 Rc8 64. Rh4+ Ke5 65. Rh1 Kd4 66. Kb2 Rc7 67. Rh8 d2 68. Rd8+ Ke3 69. Rh8 Kd3 70. Rh3+ e3 71. Rh7 d1Q 72. Rxc7 e2 73. Rd7+ Kc4 74. Rd2 Qxd2+ 75. Ka3 Qb4+ 76. Ka2 Kc3 0-1

[Event "Titled Tuesday intern op 25th Apr Early"]
[Site "Chess.com INT"]
[Date "2023.04.25"]
[Round "8"]
[White "Butolo, Alexandru Mircea"]
[Black "Gonzalez, Francisco Silva"]
[Result "0-1"]
[WhiteElo "2033"]
[BlackElo "2021"]
[PlyCount "72"]
[EventDate "2023.04.25"]
[EventType "swiss (blitz)"]
[EventRounds "11"]
[EventCountry "USA"]
[SourceTitle "EXT 2024"]
[Source "ChessBase"]
[SourceDate "2023.10.10"]
[SourceVersion "1"]
[SourceVersionDate "2023.10.10"]
[SourceQuality "1"]

1. Nf3 d5 2. g3 g6 3. Bg2 Bg7 4. 0-0 e5 5. d3 Ne7 6. Nbd2 Nbc6 7. e4 0-0 8. c3 a5 9. Qc2 Re8 10. Re1 h6 11. Nf1 d4 12. c4 g5 13. h3 Ng6 14. N1h2 Be6 15. Nf1 Qd7 16. g4 Nf4 17. Ng3 Nb4 18. Qd1 Nbxd3 19. Bxf4 Nxf4 20. Nf5 Bxc4 21. h4 f6 22. Rc1 Be6 23. hxg5 hxg5 24. Bf1 b5 25. Kh2 Bf8 26. Kg3 c5 27. Bg2 a4 28. Rh1 Bxa2 29. Rh2 Bf7 30. Qh1 Bg6 31. Rh8+ Kf7 32. Nh6+ Ke6 33. Nf5 c4 34. Qh2 Bb4 35. Rh1 Rxh8 36. Ng7+ Qxg7 0-1

[Event "Titled Tuesday intern op 25th Apr Late"]
[Site "Chess.com INT"]
[Date "2023.04.25"]
[Round "7"]
[White "Gonzalez, Francisco Silva"]
[Black "Bilan, Danila"]
[Result "1-0"]
[WhiteElo "2021"]
[BlackElo "2303"]
[PlyCount "77"]
[EventDate "2023.04.25"]
[EventType "swiss (blitz)"]
[EventRounds "11"]
[EventCountry "USA"]
[SourceTitle "EXT 2024"]
[Source "ChessBase"]
[SourceDate "2023.10.10"]
[SourceVersion "1"]
[SourceVersionDate "2023.10.10"]
[SourceQuality "1"]

1. d4 d5 2. c4 c6 3. Nc3 Nf6 4. e3 e6 5. Nf3 Nbd7 6. Bd3 Bd6 7. 0-0 0-0 8. e4 dxe4 9. Nxe4 Nxe4 10. Bxe4 h6 11. c5 Be7 12. Be3 Nf6 13. Bd3 b6 14. b4 Nd5 15. a3 Nxe3 16. fxe3 Bf6 17. Rc1 a5 18. Qe2 axb4 19. axb4 bxc5 20. bxc5 Re8 21. Bc4 Ra7 22. Kh1 e5 23. Rcd1 exd4 24. Nxd4 Bxd4 25. Rxd4 Qg5 26. Qf3 Rf8 27. Rd6 Qxc5 28. Rxc6 Qg5 29. Rb6 Re7 30. Rb8 Qxe3 31. Qxe3 Rxe3 32. Bxf7+ Kh8 33. Kg1 Re7 34. Bd5 Rxf1+ 35. Kxf1 Rc7 36. Be6 Rc1+ 37. Kf2 Rc2+ 38. Ke3 Rc3+ 39. Kd4 1-0

[Event "Titled Tuesday intern op 25th Apr Late"]
[Site "Chess.com INT"]
[Date "2023.04.25"]
[Round "9"]
[White "Makaraci, Tunahan"]
[Black "Gonzalez, Francisco Silva"]
[Result "0-1"]
[WhiteElo "2296"]
[BlackElo "2021"]
[PlyCount "86"]
[EventDate "2023.04.25"]
[EventType "swiss (blitz)"]
[EventRounds "11"]
[EventCountry "USA"]
[SourceTitle "EXT 2024"]
[Source "ChessBase"]
[SourceDate "2023.10.10"]
[SourceVersion "1"]
[SourceVersionDate "2023.10.10"]
[SourceQuality "1"]

1. e4 e5 2. Nc3 Nf6 3. f4 d5 4. fxe5 Nxe4 5. Qf3 f5 6. d3 Nxc3 7. bxc3 d4 8. Qg3 dxc3 9. Be2 Be6 10. Bf3 Nc6 11. Bxc6+ bxc6 12. Ne2 Qd7 13. 0-0 Bc5+ 14. Be3 Bb6 15. Nxc3 Bd4 16. Qe1 0-0 17. Rb1 Bxe5 18. Bc5 Bd4+ 19. Bxd4 Qxd4+ 20. Kh1 Rfe8 21. Ne2 Qe3 22. Rf3 Qe5 23. d4 Qe4 24. Rf4 Qe3 25. Rf3 Qe4 26. Rf4 Qxc2 27. Rc1 Qxa2 28. Nc3 Qb2 29. Rf2 Qb3 30. Rb1 Qc4 31. Re2 Bf7 32. Re5 Rxe5 33. dxe5 a5 34. Rc1 a4 35. Ne2 Qe4 36. Qd2 Bd5 37. Nf4 Qxe5 38. Re1 Qd6 39. Nh5 a3 40. Nf4 a2 41. Ra1 Qe5 42. Qc1 Qxa1 43. Qxa1 Rb8 0-1

[Event "Titled Tuesday intern op 18th Apr Late"]
[Site "Chess.com INT"]
[Date "2023.04.18"]
[Round "7"]
[White "Gonzalez, Francisco Silva"]
[Black "Cordoba Roa, Angel Gabriel"]
[Result "1-0"]
[WhiteElo "2021"]
[BlackElo "2214"]
[PlyCount "119"]
[EventDate "2023.04.18"]
[EventType "swiss (blitz)"]
[EventRounds "11"]
[EventCountry "USA"]
[SourceTitle "EXT 2024"]
[Source "ChessBase"]
[SourceDate "2023.10.10"]
[SourceVersion "1"]
[SourceVersionDate "2023.10.10"]
[SourceQuality "1"]

1. d4 Nf6 2. c4 e6 3. Nc3 d5 4. Bg5 dxc4 5. e3 c5 6. Bxc4 cxd4 7. exd4 Be7 8. Nf3 a6 9. a3 b5 10. Ba2 Bb7 11. 0-0 0-0 12. Qe2 Nbd7 13. Rad1 Nb6 14. Ne5 Nbd5 15. Rd3 h6 16. Bxh6 gxh6 17. Rg3+ Kh8 18. Qd2 Ng8 19. Ne4 f5 20. Rh3 f4 21. Bb1 Rf5 22. g4 Rxe5 23. dxe5 Kg7 24. Qd3 Qc7 25. Nd6 Kf8 26. Nxb7 Qxb7 27. Qg6 Qd7 28. Rxh6 Nxh6 29. Qxh6+ Ke8 30. Bg6+ Kd8 31. Qh8+ Kc7 32. Qxa8 Kb6 33. Be8 Qc7 34. a4 f3 35. axb5 axb5 36. Ra1 Qb7 37. Qa5+ Kc5 38. Rd1 Qb6 39. Qxb6+ Kxb6 40. Bf7 Nc7 41. Rd7 Bg5 42. Rxc7 Kxc7 43. Bxe6 Bf4 44. h4 Bxe5 45. h5 Bxb2 46. Bd5 Kd6 47. Bxf3 Bc1 48. Bd1 Ke5 49. Kg2 b4 50. Kg3 Bg5 51. Bc2 Bh6 52. Kf3 Bf4 53. Ke2 Bg5 54. Kd3 Kf4 55. Bd1 Ke5 56. Kc4 Bd2 57. Bc2 Kf6 58. Kd3 Bf4 59. Ke4 Bc1 60. f4 1-0

[Event "Titled Tuesday intern op 18th Apr Early"]
[Site "Chess.com INT"]
[Date "2023.04.18"]
[Round "1"]
[White "Gonzalez, Francisco Silva"]
[Black "Drygalov, Andrey"]
[Result "0-1"]
[WhiteElo "2021"]
[BlackElo "2484"]
[PlyCount "104"]
[EventDate "2023.04.18"]
[EventType "swiss (blitz)"]
[EventRounds "11"]
[EventCountry "USA"]
[SourceTitle "EXT 2024"]
[Source "ChessBase"]
[SourceDate "2023.10.10"]
[SourceVersion "1"]
[SourceVersionDate "2023.10.10"]
[SourceQuality "1"]

1. d4 Nf6 2. c4 e6 3. Nc3 Bb4 4. a3 Bxc3+ 5. bxc3 0-0 6. e3 b6 7. Bd3 c5 8. e4 Nc6 9. Nf3 Ba6 10. e5 Ne8 11. Bxh7+ Kh8 12. Ng5 g6 13. Qg4 Kg7 14. Nxf7 Rxf7 15. Qxg6+ Kf8 16. Qg8+ Ke7 17. Bg5+ Nf6 18. Bxf6+ Rxf6 19. exf6+ Kxf6 20. Qg6+ Ke7 21. Qg5+ Kd6 22. Qg3+ Ke7 23. 0-0-0 Qh8 24. dxc5 Qxh7 25. Qd6+ Ke8 26. Rhe1 Bxc4 27. cxb6 axb6 28. Re3 Bb3 29. Rd2 Qe7 30. Kb2 Qxd6 31. Rxd6 Na5 32. Rh3 Ke7 33. Rd4 Bd5 34. Rh7+ Kd6 35. h4 Nc4+ 36. Rxc4 Bxc4 37. g4 Rf8 38. g5 Rxf2+ 39. Kc1 Rg2 40. Rh8 b5 41. Kd1 e5 42. Ke1 e4 43. Rh6+ Ke5 44. Rh7 e3 45. Re7+ Kf4 46. Rf7+ Bxf7 47. Kf1 Ra2 48. h5 Bc4+ 49. Kg1 e2 50. Kf2 Ra1 51. g6 e1Q+ 52. Kg2 Qg3# 0-1

[Event "Titled Tuesday intern op 18th Apr Early"]
[Site "Chess.com INT"]
[Date "2023.04.18"]
[Round "8"]
[White "Simonovic, Miroslav"]
[Black "Gonzalez, Francisco Silva"]
[Result "1-0"]
[WhiteElo "2097"]
[BlackElo "2021"]
[PlyCount "159"]
[EventDate "2023.04.18"]
[EventType "swiss (blitz)"]
[EventRounds "11"]
[EventCountry "USA"]
[SourceTitle "EXT 2024"]
[Source "ChessBase"]
[SourceDate "2023.10.10"]
[SourceVersion "1"]
[SourceVersionDate "2023.10.10"]
[SourceQuality "1"]

1. d4 Nf6 2. Bg5 c5 3. Bxf6 gxf6 4. d5 f5 5. Nd2 Bg7 6. c3 e6 7. d6 b5 8. e4 Qb6 9. exf5 Qxd6 10. fxe6 Qxe6+ 11. Be2 Bb7 12. Ngf3 0-0 13. 0-0 a6 14. Re1 d5 15. Bxb5 Qb6 16. Ba4 Nc6 17. Qc2 h6 18. Bxc6 Qxc6 19. Ne5 Qd6 20. Ndf3 Rfe8 21. Qf5 Re7 22. Nd3 Rae8 23. Rxe7 Rxe7 24. Re1 Re4 25. Nd2 Re6 26. Rxe6 fxe6 27. Qg6 a5 28. g3 Kf8 29. Nf4 Bc8 30. Nh5 Qe5 31. Qxg7+ Qxg7 32. Nxg7 Kxg7 33. f4 a4 34. a3 Kf6 35. Kf2 e5 36. fxe5+ Kxe5 37. Nf3+ Ke4 38. Ne1 d4 39. Ke2 Ba6+ 40. Kd2 Bc4 41. cxd4 cxd4 42. Nc2 Bf1 43. Nb4 Bc4 44. Nc6 Bd5 45. Ne7 Be6 46. Nc6 Bd7 47. Nb4 Bb5 48. Nc2 h5 49. Ne1 Bf1 50. Nc2 Bc4 51. Nb4 Bb5 52. Nc2 Bd7 53. Ne1 Bf5 54. Ng2 Bh3 55. Nf4 h4 56. Nxh3 hxg3 57. hxg3 Kf3 58. Nf4 Kxg3 59. Ne6 Kf3 60. Nxd4+ Ke4 61. Nb5 Kd5 62. Nc3+ Kc4 63. Kc2 Kc5 64. Nxa4+ Kb5 65. Nc3+ Kc4 66. b3+ Kd4 67. Kb2 Kd3 68. a4 Kd4 69. a5 Kc5 70. Ka3 Kc6 71. b4 Kb7 72. Ka4 Ka7 73. b5 Ka8 74. Kb4 Ka7 75. Kc5 Kb7 76. Nd5 Ka7 77. a6 Ka8 78. b6 Kb8 79. Kc6 Kc8 80. a7 1-0

[Event "Titled Tuesday intern op 18th Apr Late"]
[Site "Chess.com INT"]
[Date "2023.04.18"]
[Round "10"]
[White "Zarnicki, Pablo Adrian"]
[Black "Gonzalez, Francisco Silva"]
[Result "1/2-1/2"]
[WhiteElo "2514"]
[BlackElo "2021"]
[PlyCount "159"]
[EventDate "2023.04.18"]
[EventType "swiss (blitz)"]
[EventRounds "11"]
[EventCountry "USA"]
[SourceTitle "EXT 2024"]
[Source "ChessBase"]
[SourceDate "2023.10.10"]
[SourceVersion "1"]
[SourceVersionDate "2023.10.10"]
[SourceQuality "1"]

1. e4 e5 2. Nf3 Nc6 3. Bb5 a6 4. Ba4 Nf6 5. 0-0 b5 6. Bb3 Bc5 7. d3 d6 8. a4 Bb7 9. axb5 axb5 10. Rxa8 Bxa8 11. Bg5 h6 12. Bxf6 Qxf6 13. Nc3 b4 14. Nd5 Qd8 15. c3 bxc3 16. bxc3 0-0 17. d4 exd4 18. cxd4 Ba7 19. Qd3 Ne7 20. Nxe7+ Qxe7 21. Re1 Bb6 22. h3 Qf6 23. Bd5 Bxd5 24. exd5 Ra8 25. g3 g6 26. Kg2 Ra2 27. h4 Kg7 28. Re2 Rxe2 29. Qxe2 Bxd4 30. Qe4 Bb6 31. h5 g5 32. g4 Qb2 33. Qe1 Qf6 34. Qd2 Bc5 35. Nh2 Qe5 36. Nf1 Qe4+ 37. f3 Qd4 38. Qxd4+ Bxd4 39. Ng3 Kh7 40. Nf5 Bb6 41. Kf1 Ba5 42. Ke2 Bb6 43. Kd3 Ba5 44. Kc4 Bb6 45. Kb5 Bc5 46. Kc6 Bb6 47. Kd7 Kg8 48. Nxh6+ Kg7 49. Nf5+ Kf6 50. h6 Kg6 51. Ke8 Ba5 52. Kf8 Kh7 53. Kxf7 Bc3 54. Ke6 Kg6 55. Kd7 Ba5 56. Kc6 Kh7 57. Kb5 Bc3 58. Kc4 Ba5 59. Kd3 Kg6 60. Ke4 Bc3 61. f4 gxf4 62. Kxf4 Be5+ 63. Ke4 Kg5 64. Ne7 Kxg4 65. Ng6 Bf6 66. h7 Kg5 67. h8Q Bxh8 68. Nxh8 Kf6 69. Kd4 Ke7 70. Ng6+ Kd7 71. Nf8+ Ke7 72. Ng6+ Kd7 73. Nf8+ Ke7 74. Ne6 c6 75. Nc7 cxd5 76. Nxd5+ Ke6 77. Ke4 Kd7 78. Nf4 Kc6 79. Kd4 d5 80. Nxd5 1/2-1/2

[Event "Titled Tuesday intern op 11th Apr Early"]
[Site "Chess.com INT"]
[Date "2023.04.11"]
[Round "3"]
[White "Ambartsumova, Karina"]
[Black "Gonzalez, Francisco Silva"]
[Result "1-0"]
[WhiteElo "2393"]
[BlackElo "2021"]
[PlyCount "79"]
[EventDate "2023.04.11"]
[EventType "swiss (blitz)"]
[EventRounds "11"]
[EventCountry "USA"]
[SourceTitle "CBM 213 Extra"]
[Source "ChessBase"]
[SourceDate "2023.05.31"]
[SourceVersion "1"]
[SourceVersionDate "2023.05.31"]
[SourceQuality "1"]

1. e4 e5 2. Nf3 Nc6 3. Bb5 a6 4. Ba4 Nf6 5. 0-0 b5 6. Bb3 Bc5 7. a4 Bb7 8. c3 d6 9. d4 Bb6 10. Qd3 0-0 11. Na3 exd4 12. cxd4 Nb4 13. Qc3 c5 14. dxc5 Bxc5 15. Bg5 Bxe4 16. axb5 Rc8 17. Qd2 Bxf3 18. gxf3 h5 19. bxa6 Nxa6 20. Nc4 Nb4 21. Rad1 d5 22. Ne5 Qd6 23. Nd3 Nxd3 24. Qxd3 Rcd8 25. Bc2 g6 26. Kh1 Rde8 27. Bh6 Qe5 28. f4 Qxb2 29. Rg1 Ne4 30. Rdf1 Bxf2 31. f5 Bxg1 32. fxg6 Nf2+ 33. Rxf2 f5 34. Qxd5+ Kh8 35. g7+ Kh7 36. Bxf5+ Rxf5 37. Qxf5+ Kxh6 38. Rxb2 Bd4 39. Rd2 Bxg7 40. Rd6+ 1-0

[Event "Titled Tuesday intern op 11th Apr Late"]
[Site "Chess.com INT"]
[Date "2023.04.11"]
[Round "4"]
[White "Gonzalez, Francisco Silva"]
[Black "Santos, Jose Guilherme B Li"]
[Result "0-1"]
[WhiteElo "2021"]
[BlackElo "2377"]
[PlyCount "106"]
[EventDate "2023.04.11"]
[EventType "swiss (blitz)"]
[EventRounds "11"]
[EventCountry "USA"]
[SourceTitle "CBM 213 Extra"]
[Source "ChessBase"]
[SourceDate "2023.05.31"]
[SourceVersion "1"]
[SourceVersionDate "2023.05.31"]
[SourceQuality "1"]

1. d4 e6 2. c4 d5 3. Nc3 Be7 4. Nf3 a6 5. cxd5 exd5 6. Qb3 c6 7. e4 dxe4 8. Nxe4 Nf6 9. Nxf6+ Bxf6 10. Bc4 0-0 11. 0-0 h6 12. a4 b5 13. axb5 cxb5 14. Bxb5 Bb7 15. Be2 Bd5 16. Qd1 Nc6 17. Be3 Rb8 18. Rxa6 Rxb2 19. Ra1 Qb6 20. Bd3 Rd8 21. Bc1 Bxf3 22. gxf3 Rb4 23. Ra6 Qxd4 24. Rxc6 Qxd3 25. Qxd3 Rxd3 26. Be3 Rb5 27. Rxf6 gxf6 28. f4 Kh7 29. Kg2 Kg6 30. Kf3 Kf5 31. Rc1 Rd8 32. Rc7 Kg6 33. h3 Rd1 34. Kg2 Rb2 35. f5+ Kg7 36. Rc6 Rb5 37. Bc5 Rd5 38. Be3 Rxf5 39. Kg3 Kg6 40. Rc8 h5 41. Rg8+ Kh7 42. Rf8 Kg7 43. Re8 Rbe5 44. Rd8 Re4 45. Kg2 Rfe5 46. Kf3 Ra4 47. Rd6 Rf5+ 48. Kg2 Ra8 49. Kg3 Rg8 50. Kh2 Kf8 51. Rd8+ Kg7 52. Bh6+ Kh7 53. Be3 Rxd8 0-1

[Event "Titled Tuesday intern op 11th Apr Early"]
[Site "Chess.com INT"]
[Date "2023.04.11"]
[Round "6"]
[White "Safin, Robert"]
[Black "Gonzalez, Francisco Silva"]
[Result "0-1"]
[WhiteElo "2207"]
[BlackElo "2021"]
[PlyCount "74"]
[EventDate "2023.04.11"]
[EventType "swiss (blitz)"]
[EventRounds "11"]
[EventCountry "USA"]
[SourceTitle "CBM 213 Extra"]
[Source "ChessBase"]
[SourceDate "2023.05.31"]
[SourceVersion "1"]
[SourceVersionDate "2023.05.31"]
[SourceQuality "1"]

1. e4 e5 2. Nf3 Nc6 3. Bb5 a6 4. Bxc6 dxc6 5. d4 exd4 6. Qxd4 Qxd4 7. Nxd4 Bd7 8. Nc3 0-0-0 9. Be3 h5 10. f3 Ne7 11. Na4 b6 12. Nc3 Re8 13. 0-0-0 f5 14. e5 f4 15. Bxf4 Ng6 16. e6 Bxe6 17. Nxe6 Rxe6 18. Bg5 Bb4 19. Ne4 Be7 20. h4 Re8 21. c3 c5 22. Kc2 Ne5 23. Bxe7 R6xe7 24. Rhe1 Nc4 25. b3 Na5 26. Re2 Nc6 27. Rde1 Kb7 28. Ng3 Rxe2+ 29. Rxe2 Rxe2+ 30. Nxe2 Ne5 31. Nf4 g6 32. Kd2 Kc6 33. Ke3 Kd6 34. Ke4 c6 35. g3 b5 36. a3 a5 37. a4 c4 0-1

[Event "Titled Tuesday intern op 11th Apr Late"]
[Site "Chess.com INT"]
[Date "2023.04.11"]
[Round "7"]
[White "Smith, Garrett L"]
[Black "Gonzalez, Francisco Silva"]
[Result "0-1"]
[WhiteElo "2047"]
[BlackElo "2021"]
[PlyCount "78"]
[EventDate "2023.04.11"]
[EventType "swiss (blitz)"]
[EventRounds "11"]
[EventCountry "USA"]
[SourceTitle "CBM 213 Extra"]
[Source "ChessBase"]
[SourceDate "2023.05.31"]
[SourceVersion "1"]
[SourceVersionDate "2023.05.31"]
[SourceQuality "1"]

1. e4 e5 2. Nf3 Nc6 3. Bc4 Bc5 4. b4 Bb6 5. c3 d6 6. d3 Nf6 7. 0-0 a6 8. Be3 Ba7 9. Nbd2 Ne7 10. Re1 Ng6 11. d4 0-0 12. Bd3 Re8 13. dxe5 dxe5 14. Nc4 Bxe3 15. Rxe3 Bg4 16. h3 Bxf3 17. Qxf3 Qe7 18. Bc2 Red8 19. Bb3 Nf4 20. Kh2 b5 21. Na5 Rd2 22. g3 Ne6 23. Rd3 Ng5 24. Qe3 Rxd3 25. Qxd3 Rd8 26. Nc6 Rxd3 27. Nxe7+ Kf8 28. Nc6 Nfxe4 29. a4 bxa4 30. Rxa4 Rxc3 31. Rxa6 g6 32. Bd5 Nxf2 33. Kg2 Nd3 34. Ra8+ Kg7 35. Rc8 Rc2+ 36. Kf1 e4 37. Rxc7 Rf2+ 38. Kg1 Nf3+ 39. Kh1 Rh2# 0-1

[Event "Titled Tuesday intern op 28th Mar Late"]
[Site "Chess.com INT"]
[Date "2023.03.28"]
[Round "7"]
[White "Feng, Eric1111"]
[Black "Gonzalez, Francisco Silva"]
[Result "1-0"]
[WhiteElo "1961"]
[BlackElo "2021"]
[PlyCount "83"]
[EventDate "2023.03.28"]
[EventType "swiss (blitz)"]
[EventRounds "11"]
[EventCountry "USA"]
[SourceTitle "EXT 2024"]
[Source "ChessBase"]
[SourceDate "2023.10.10"]
[SourceVersion "1"]
[SourceVersionDate "2023.10.10"]
[SourceQuality "1"]

1. d4 Nf6 2. c4 e6 3. Nf3 d5 4. g3 dxc4 5. Bg2 Nc6 6. 0-0 Rb8 7. Ne5 Nxe5 8. dxe5 Qxd1 9. Rxd1 Nd5 10. e4 Nb4 11. Bg5 Bd7 12. Nd2 b5 13. a4 Nc2 14. Rac1 Nd4 15. Bf1 Nb3 16. Nxb3 cxb3 17. axb5 h6 18. Rxc7 hxg5 19. Rdxd7 Bc5 20. Rxf7 Bb6 21. Rce7+ Kd8 22. Bc4 Rf8 23. Rxf8+ Kxe7 24. Rxb8 Bd4 25. Bxb3 Bxe5 26. Rb7+ Kd6 27. Rxa7 Bxb2 28. Ra6+ Kc5 29. Rxe6 Kxb5 30. Bd5 Kc5 31. f4 Kd4 32. fxg5 Ke3 33. Kg2 Ke2 34. h4 Bd4 35. h5 Ke3 36. h6 Bf6 37. gxf6 g6 38. f7 g5 39. f8Q g4 40. h7 Ke2 41. h8Q Ke1 42. Rg6 1-0

[Event "Titled Tuesday intern op 28th Mar Late"]
[Site "Chess.com INT"]
[Date "2023.03.28"]
[Round "8"]
[White "Gonzalez, Francisco Silva"]
[Black "Aung, Thant Zin"]
[Result "1-0"]
[WhiteElo "2021"]
[BlackElo "2268"]
[PlyCount "69"]
[EventDate "2023.03.28"]
[EventType "swiss (blitz)"]
[EventRounds "11"]
[EventCountry "USA"]
[SourceTitle "EXT 2024"]
[Source "ChessBase"]
[SourceDate "2023.10.10"]
[SourceVersion "1"]
[SourceVersionDate "2023.10.10"]
[SourceQuality "1"]

1. d4 Nf6 2. c4 e6 3. Nc3 Bb4 4. a3 Bxc3+ 5. bxc3 c5 6. e3 Nc6 7. Bd3 d6 8. Nf3 e5 9. e4 h6 10. Be3 b6 11. h3 0-0 12. d5 Na5 13. 0-0 Ba6 14. Nd2 Nd7 15. a4 Qe7 16. Kh2 Rae8 17. Qe2 Bc8 18. Ra2 Kh8 19. Qh5 Nf6 20. Qe2 Nh7 21. Qh5 Nf6 22. Qe2 Nh7 23. f4 exf4 24. Bxf4 f5 25. Raa1 Nf6 26. Rae1 fxe4 27. Nxe4 Nxe4 28. Bxe4 Qd8 29. Qh5 Qf6 30. Bg3 Qg5 31. Qxg5 hxg5 32. Rxf8+ Rxf8 33. Bxd6 Re8 34. Bg3 Bf5 35. Bxf5 1-0

[Event "Titled Tuesday intern op 28th Mar Late"]
[Site "Chess.com INT"]
[Date "2023.03.28"]
[Round "9"]
[White "Gonzalez, Francisco Silva"]
[Black "Cori Tello, Deysi Estella"]
[Result "0-1"]
[WhiteElo "2021"]
[BlackElo "2362"]
[PlyCount "60"]
[EventDate "2023.03.28"]
[EventType "swiss (blitz)"]
[EventRounds "11"]
[EventCountry "USA"]
[SourceTitle "EXT 2024"]
[Source "ChessBase"]
[SourceDate "2023.10.10"]
[SourceVersion "1"]
[SourceVersionDate "2023.10.10"]
[SourceQuality "1"]

1. d4 c6 2. c4 g6 3. Nc3 Bg7 4. e4 d6 5. Be3 Qc7 6. Qd2 a6 7. Rc1 Nd7 8. h3 e5 9. d5 Ne7 10. Bd3 f5 11. f3 Nf6 12. g4 f4 13. Bf2 h5 14. g5 Nh7 15. h4 0-0 16. Nge2 c5 17. Rb1 Bd7 18. Nc1 Rfb8 19. b4 Nc8 20. Bf1 Bf8 21. bxc5 dxc5 22. Nb3 b5 23. Rd1 Bd6 24. Rh2 Nb6 25. cxb5 c4 26. Na5 axb5 27. Nc6 Na4 28. Nxb5 Rxb5 29. Bxc4 Rb2 30. Qc2 Rxc2 0-1

[Event "Titled Tuesday intern op 28th Mar Early"]
[Site "Chess.com INT"]
[Date "2023.03.28"]
[Round "4"]
[White "Gonzalez, Francisco Silva"]
[Black "Iskusnyh, Sergei"]
[Result "0-1"]
[WhiteElo "2021"]
[BlackElo "2443"]
[PlyCount "98"]
[EventDate "2023.03.28"]
[EventType "swiss (blitz)"]
[EventRounds "11"]
[EventCountry "USA"]
[SourceTitle "EXT 2024"]
[Source "ChessBase"]
[SourceDate "2023.10.10"]
[SourceVersion "1"]
[SourceVersionDate "2023.10.10"]
[SourceQuality "1"]

1. d4 d5 2. c4 c6 3. Nc3 Nf6 4. e3 e6 5. Nf3 a6 6. Bd3 dxc4 7. Bxc4 b5 8. Bb3 c5 9. a4 b4 10. Ne2 Nbd7 11. Ng3 Bb7 12. a5 Bd6 13. 0-0 0-0 14. Qe2 Qc7 15. Rd1 Rac8 16. Bd2 Qb8 17. Rdc1 Rfd8 18. Rc2 Ne4 19. Rac1 Nxg3 20. hxg3 Be4 21. Rc4 Bd5 22. dxc5 Bxc4 23. Bxc4 Nxc5 24. Bxa6 Nxa6 25. Qxa6 Rxc1+ 26. Bxc1 Qa8 27. Qb5 Rb8 28. Qd7 Qd5 29. Bd2 Bf8 30. Qc7 Ra8 31. Ne5 f6 32. Qf7+ Kh8 33. Nd7 Bd6 34. Nxf6 Qxd2 35. Qxe6 Qe1+ 36. Kh2 Qxf2 37. Ne4 Qxe3 38. Qd5 Qh6+ 39. Kg1 Qe3+ 40. Kh2 Qh6+ 41. Kg1 Rd8 42. Nxd6 Qxd6 43. Qb7 Qd1+ 44. Kf2 Rd2+ 45. Ke3 Qe2+ 46. Kf4 Rd4+ 47. Kf5 Qd3+ 48. Kg5 Qxg3+ 49. Kf5 Qf4+ 0-1

[Event "Titled Tuesday intern op 28th Mar Early"]
[Site "Chess.com INT"]
[Date "2023.03.28"]
[Round "5"]
[White "Gonzalez, Francisco Silva"]
[Black "Rodriguez Santiago, Jaime"]
[Result "0-1"]
[WhiteElo "2021"]
[BlackElo "2026"]
[PlyCount "100"]
[EventDate "2023.03.28"]
[EventType "swiss (blitz)"]
[EventRounds "11"]
[EventCountry "USA"]
[SourceTitle "EXT 2024"]
[Source "ChessBase"]
[SourceDate "2023.10.10"]
[SourceVersion "1"]
[SourceVersionDate "2023.10.10"]
[SourceQuality "1"]

1. d4 Nf6 2. c4 e6 3. Nc3 d5 4. Bg5 c6 5. e3 Nbd7 6. Nf3 Qa5 7. Nd2 Bb4 8. Qc2 0-0 9. Be2 dxc4 10. Bxf6 Nxf6 11. Nxc4 Qc7 12. a3 Be7 13. Rc1 Rd8 14. 0-0 Nd7 15. g3 e5 16. dxe5 Nxe5 17. Nxe5 Qxe5 18. Bf3 Be6 19. Rfd1 Bf6 20. Rxd8+ Rxd8 21. Rd1 Rxd1+ 22. Qxd1 g6 23. h4 h5 24. a4 Qa5 25. Qd6 Kg7 26. b4 Qa6 27. Ne4 Qxa4 28. Nxf6 Qa1+ 29. Kg2 Qxf6 30. Qb8 Bh3+ 31. Kxh3 Qxf3 32. Qe5+ Kh7 33. Kh2 Qxf2+ 34. Kh3 Qf1+ 35. Kh2 Qe2+ 36. Kh3 Qg4+ 37. Kh2 Qe6 38. Qc5 b6 39. Qd4 Qd5 40. Qf6 c5 41. bxc5 bxc5 42. e4 Qe6 43. Qc3 c4 44. Qd4 a5 45. Qa7 a4 46. Kg1 c3 47. Qxa4 Qb6+ 48. Kg2 Qb2+ 49. Kf3 c2 50. Qd4 Qxd4 0-1